Directory of Ethiopian libraries, (Record no. 188707)
[ view plain ]
| 000 -LEADER | |
|---|---|
| fixed length control field | 01023cam3a220025300 4500 |
| 001 - CONTROL NUMBER | |
| control field | lce00735488 |
| 008 - FIXED-LENGTH DATA ELEMENTS--GENERAL INFORMATION | |
| fixed length control field | 720331s1968 et r 000 0 eng |
| 010 ## - LIBRARY OF CONGRESS CONTROL NUMBER | |
| LC control number | 70980981 |
| 035 ## - SYSTEM CONTROL NUMBER | |
| System control number | (Sirsi) r27212 |
| 035 ## - SYSTEM CONTROL NUMBER | |
| System control number | (DLC) 70980981 |
| 035 ## - SYSTEM CONTROL NUMBER | |
| System control number | (UPRA)lce00735488 |
| 043 ## - GEOGRAPHIC AREA CODE | |
| Geographic area code | f-et--- |
| 050 0# - LIBRARY OF CONGRESS CALL NUMBER | |
| Classification number | Z857.E86 |
| Item number | A74 |
| 082 ## - DEWEY DECIMAL CLASSIFICATION NUMBER | |
| Classification number | 021/.0025/63 |
| 100 1# - MAIN ENTRY--PERSONAL NAME | |
| Personal name | Amos, Geraldine Odester, 1922- |
| Dates associated with a name | Amos, Geraldine Odester, 1922- |
| Linkage | A91217.1 |
| 245 10 - TITLE STATEMENT | |
| Title | Directory of Ethiopian libraries, |
| Statement of responsibility, etc. | compiled and edited by Geraldine Odester Amos, assisted by Pamela M. Bell [and others. |
| 260 ## - PUBLICATION, DISTRIBUTION, ETC. | |
| Place of publication, distribution, etc. | Addis Ababa] |
| Date of publication, distribution, etc. | 1968. |
| 500 ## - GENERAL NOTE | |
| General note | "Preliminary issue, sponsored by the Ethiopian Library Association, Addis Ababa." |
| 650 #0 - SUBJECT ADDED ENTRY--TOPICAL TERM | |
| Topical term or geographic name entry element | Libraries -- Ethiopia -- Directories. |
| Geographic subdivision | Libraries -- Ethiopia -- Directories. |
| General subdivision | Libraries -- Ethiopia -- Directories. |
| Linkage | S65384.1 |
| 700 1# - ADDED ENTRY--PERSONAL NAME | |
| Personal name | Bell, Pamela M. |
| Linkage | A91218.1 |
| 710 2# - ADDED ENTRY--CORPORATE NAME | |
| Corporate name or jurisdiction name as entry element | Ethiopian Library Association. |
| Linkage | A91219.1 |
| 949 ## - LOCAL PROCESSING INFORMATION (OCLC) | |
| a | Z857.E86 |
| w | lcc |
| i | -28417 |
| m | MAIN |
| t | BOOK |
| l | ON-SHELF |
No items available.